<The> Knowledge of Application the Modern Management Trends Worldwide

Vybrané metódy a nástroje špecifikované z hľadiska aktuálnosti, relevantnosti a merateľnosti pre vrcholový manažment. Charakteristika nových manažérskych nástrojov, ako sú digitálna transformácia, laboratóriá na prevratné inovácie a časový manažment.

Saved in:
Bibliographic Details
Main Author: Čambalíková, Andrea, 1990-
Other Authors: Szabo, Ľuboslav
Format: Book Chapter
Language:English
Subjects:
Tags: Add Tag
No Tags, Be the first to tag this record!

MARC

LEADER 00000naa$a2200000$$$4500
001 0209805
005 20240502073506.4
041 0 |a eng 
044 |a SK 
245 1 0 |a <The> Knowledge of Application the Modern Management Trends Worldwide  |c Andrea Čambalíková, Ľuboslav Szabo 
520 |a Vybrané metódy a nástroje špecifikované z hľadiska aktuálnosti, relevantnosti a merateľnosti pre vrcholový manažment. Charakteristika nových manažérskych nástrojov, ako sú digitálna transformácia, laboratóriá na prevratné inovácie a časový manažment. 
610 2 0 |a manažment 
610 2 0 |a riadenie vrcholové 
610 2 0 |a nástroje riadenia 
610 2 0 |a technika riadenia 
610 2 0 |a manažment času 
610 2 0 |a riadenie zmien 
610 2 0 |a inovácia 
100 1 |a Čambalíková, Andrea, 1990- 
700 1 |a Szabo, Ľuboslav